000 006010000a22001810004500
003 MACL
005 20160224140725.0
008 160224b xxu||||| |||| 00| 0 eng d
040 _aMACL
_cMACL
041 _aHindi
082 _a800
100 _aकविसम्राट स्‍व पंडित अयोध्‍यासिंह उपाध्‍याय हरिऔध
_940037
245 _aबोलचाल
260 _bहिन्‍दी साहित्‍य कुटीर
_aबनारस
350 _a6
650 _aLiteracture
_939932
942 _cHIN
_k800
_2ddc
999 _c24599
_d24599